000 00863nam a22002897a 4500
001 0190
003 DO-SdBPM
005 20250108123143.0
007 0190
008 151005b1990 sp 00| 0 spa d
020 _a8440612788
040 _aDO-SdBPM
_bspa
_cBPMSU
082 4 _a883.2
_bH766o 1990
_222
100 1 _aHomero
245 1 0 _aOdisea /
_cHomero ; introducción Carles Miralles ; traducción Lluís Segalá
260 _aBarcelona :
_bEdiciones B,
_c1990.
300 _a403 p ;
_c18 cm.
490 0 _aLibro clásico,
_v22
590 _aInventariado, 2025/VM
600 1 4 _aHomero
_d Siglo IX? a.C.
_tOdisea
650 4 _aPoesía épica griega
650 4 _aOdisea (Mitología griega)
_vPoesía
700 1 _aMiralles, Carles
_eintroducción
700 1 _aSegalá, Lluís
_etraductor
910 _aVMateo V. Control de calidad. BPMSU
942 _2ddc
_cBK
999 _c9321
_d9321